Tous les films Avengers - Statistiques

Statistiques générales
  • Ce quiz a été pris 598 fois
  • Le résultat moyen est 20 sur 36
Statistiques - réponses
Date Film % Correct
2008 Iron Man
95%
2012 Avengers
90%
2010 Iron Man 2
88%
2011 Thor
86%
2013 Iron Man 3
85%
2008 L'incroyable Hulk
83%
2019 Avengers Endgame
78%
2018 Avengers : Infinity War
73%
2015 Avengers : L'ère d'Ultron
70%
2016 Captain America : Civil War
66%
2015 Ant Man
65%
2021 Black Widow
65%
2017 Thor : Ragnarok
64%
2016 Doctor Strange
62%
2018 Black Panther
60%
2017 Spider Man : Homecoming
60%
2014 Les Gardiens de la Galaxie
58%
2018 Ant Man et la Guêpe
56%
2021 Spider Man : No Way Home
56%
2019 Spider Man : Far From Home
55%
2014 Captain America : Le soldat de l'Hiver
52%
2011 Captain America : First Avenger
50%
2019 Captain Marvel
50%
2017 Les Gardiens de la Galaxie Vol.2
50%
2022 Thor : Love and Thunder
49%
2023 Les Gardiens de la galaxie Vol.3
45%
2013 Thor : Le monde des Ténèbres
43%
2022 Black Panther : Wakanda Forever
34%
2022 Doctor Strange in The Multiverse of Madness
32%
2021 Les Eternels
29%
2016 Deadpool
25%
2023 The Marvels
22%
2018 Deadpool 2
21%
2023 Ant Man et la Guêpe : Quantumania
20%
2021 Shang Shi et la légende des Dix Anneaux
19%
2024 Deadpool et Wolverine
17%
Aucun quiz correspondant
Distribution des résultats
% des personnes avec chaque résultat
Percentile par nombre de réponses
Votre historique - résultats
Vous n’avez pas pris ce quiz